000 00433nam a2200181Ia 4500
001 13697
005 20260306164820.0
008 260306t1991||||xx |||||||||||||| ||spa||
041 _aESP
082 _aS 005.131
_bS83
100 _aStroustrup, Bjarne
_eAUT
245 4 _aThe C++ Programming Language
260 _c1991
300 _axii, 669 páginas :
_c23 cm.
650 _aGEN
654 _aCCC
942 _cLIB
_dJUS
_fJUS
_2ddc
_n
999 _c13697
_d13697